00502 a2200169 4500000002100000001000700021005001700028008004100045020001800086082002400104100001800128245009700146250001200243260004800255300001000303630001900313BKB 13721520200902153208.0  a9780521137881 a791.430230924bP44C1 aPetric, Vlada1 aConstructivism in film : the man with the movie camera:a cinematic analysiscby Vlada Petric a2nd ed. aCambridgebCambridge University Pressc2012 a343p. aCulture& Media